[Event "Passau op 7th"]
[Site "Passau"]
[Date "1999.04.05"]
[Round "7"]
[White "Hennig, Bernd"]
[Black "Anger, Robert"]
[Result "1-0"]
[WhiteElo "1880"]
[BlackElo "1350"]
[PlyCount "63"]
[EventDate "1999.04.02"]
[EventType "swiss"]
[EventRounds "7"]
[EventCountry "GER"]
[SourceTitle "EXT 2000"]
[Source "ChessBase"]
[SourceDate "1999.11.16"]
[SourceVersion "1"]
[SourceVersionDate "1999.11.16"]
[SourceQuality "1"]

1. c4 e5 2. Nc3 Nf6 3. Nf3 Bb4 4. Nxe5 Nc6 5. Nf3 0-0 6. e3 d5 7. a3 Bxc3 8. bxc3 Be6 9. cxd5 Bxd5 10. c4 Be4 11. d3 Bf5 12. Be2 h6 13. 0-0 b6 14. Bb2 Na5 15. Bc3 Nb7 16. Nd4 Bh7 17. Bf3 Qc8 18. Nc6 Re8 19. e4 a5 20. e5 Nd7 21. Re1 Nb8 22. Nxb8 Rxb8 23. d4 Nd8 24. d5 Nb7 25. Qd4 Nc5 26. e6 f6 27. Qg4 Kh8 28. Qh4 Qd8 29. Bh5 Re7 30. Bf7 f5 31. Bxg7+ Kxg7 32. Qd4+ 1-0

[Event "Passau op 7th"]
[Site "Passau"]
[Date "1999.04.02"]
[Round "1"]
[White "Bieringer, Konrad"]
[Black "Anger, Robert"]
[Result "1/2-1/2"]
[WhiteElo "1665"]
[BlackElo "2029"]
[PlyCount "50"]
[EventDate "1999.04.02"]
[EventType "swiss"]
[EventRounds "7"]
[EventCountry "GER"]
[SourceTitle "EXT 2000"]
[Source "ChessBase"]
[SourceDate "1999.11.16"]
[SourceVersion "1"]
[SourceVersionDate "1999.11.16"]
[SourceQuality "1"]

1. e4 e6 2. d3 c5 3. Nf3 Nc6 4. g3 Nf6 5. Bg2 g6 6. 0-0 Bg7 7. Re1 0-0 8. Nbd2 b5 9. Nf1 Bb7 10. Rb1 Qc8 11. Bf4 Nh5 12. Bd6 Rd8 13. Bxc5 d6 14. Be3 Nb4 15. c3 Na6 16. Qd2 Nf6 17. Bh6 Bh8 18. Ne3 Nc5 19. Nd4 Qd7 20. f4 e5 21. Ne2 Ng4 22. Nxg4 Qxg4 23. Rf1 f6 24. Nc1 Qh5 25. fxe5 g5 1/2-1/2